Mystery map / (Record no. 411)

MARC details
000 -LEADER
fixed length control field 01172nam a22003257a 4500
001 - CONTROL NUMBER
control field 411
003 - CONTROL NUMBER IDENTIFIER
control field FISKH
005 - DATE AND TIME OF LATEST TRANSACTION
control field 20250327090551.0
008 - FIXED-LENGTH DATA ELEMENTS--GENERAL INFORMATION
fixed length control field 230410b cb ||||| |||| 00| 0 eng d
020 ## - INTERNATIONAL STANDARD BOOK NUMBER
International Standard Book Number 9781416991656 (pbk.)
020 ## - INTERNATIONAL STANDARD BOOK NUMBER
International Standard Book Number 9780545283946
020 ## - INTERNATIONAL STANDARD BOOK NUMBER
International Standard Book Number 1416991654 (pbk.)
040 ## - CATALOGING SOURCE
Original cataloging agency DLC
Transcribing agency DLC
Language of cataloging eng
Modifying agency FISKH
050 00 - LIBRARY OF CONGRESS CALL NUMBER
Classification number PZ7.D644
082 ## - DEWEY DECIMAL CLASSIFICATION NUMBER
Classification number 813.54
100 1# - MAIN ENTRY--PERSONAL NAME
Personal name Dixon, Franklin W.
245 10 - TITLE STATEMENT
Title Mystery map /
Statement of responsibility, etc. by Franklin W. Dixon ; illustrated by Scott Burroughs.
250 ## - EDITION STATEMENT
Edition statement First Scholastic printing, September 2010
260 ## - PUBLICATION, DISTRIBUTION, ETC.
Place of publication, distribution, etc. New York, NY :
Name of publisher, distributor, etc. Scholastic.
Date of publication, distribution, etc. 2010.
300 ## - PHYSICAL DESCRIPTION
Extent 88 pages. :
Other physical details ill. ;
Dimensions 20 cm.
490 0# - SERIES STATEMENT
Series statement The Hardy Boys: secret files ;
Volume/sequential designation #3
505 ## - FORMATTED CONTENTS NOTE
Formatted contents note H
520 ## - SUMMARY, ETC.
Summary, etc. On their way through the park, Frank and Joe find a mysterious map that looks like it leads to treasure, but the brothers must face bullies hanging around where the map leads.
521 8# - TARGET AUDIENCE NOTE
Target audience note 490 <br/>
Source Lexile
521 8# - TARGET AUDIENCE NOTE
Target audience note H <br/><br/>
Source Raz-Plus
700 1# - ADDED ENTRY--PERSONAL NAME
Personal name Burroughs, Scott,
Relator term ill.
906 ## - LOCAL DATA ELEMENT F, LDF (RLIN)
a 7
b cbc
c orignew
d 4
e ncip
f 20
g y-gencatlg
942 ## - ADDED ENTRY ELEMENTS (KOHA)
Source of classification or shelving scheme Dewey Decimal Classification
Koha item type Books
Suppress in OPAC No
Holdings
Withdrawn status Lost status Source of classification or shelving scheme Damaged status Not for loan Collection Home library Current library Shelving location Date acquired Total Checkouts Full call number Barcode Date last seen Date last checked out Price effective from Koha item type Copy number
    Dewey Decimal Classification     Juvenile Fiction Footprints International School Library Network Toul Kork Campus Footprints International School Library Network Toul Kork Campus TK Primary Library Room(4th Floor), Bookcase 1&2, Shelves 1-16, Dark Blue Books 04/10/2023 3 DIX 813.54 PZ7.D644 FISTK00438 12/14/2023 12/07/2023 04/10/2023 Books  
    Dewey Decimal Classification     Juvenile Fiction Footprints International School Library Network Toul Tom Poung Campus Footprints International School Library Network Toul Tom Poung Campus TTP Primary Dark Blue Bookshelves 03/27/2025   DIX 813.54 PZ7.D644 2025-0827 03/27/2025   03/27/2025 Books 2